Introduction áa la lecture de Hegel (Record no. 87394)

MARC details
000 -LEADER
campo de control de longitud fija 00889nam a2200253 i 4500
001 - NÚMERO DE CONTROL
campo de control 87394
003 - IDENTIFICADOR DE NÚMERO DE CONTROL
campo de control ES-MaACL
005 - FECHA Y HORA DE LA ÚLTIMA TRANSACCIÓN
campo de control 20230906175649.0
007 - CAMPO FIJO DE DESCRIPCIÓN FÍSICA--INFORMACIÓN GENERAL
campo de control de longitud fija t|
008 - DATOS DE LONGITUD FIJA--INFORMACIÓN GENERAL
campo de control de longitud fija 041221s1985 fr ||||1| fre d
020 ## - NÚMERO INTERNACIONAL ESTÁNDAR DEL LIBRO
Número Internacional Estándar del Libro 2-07-029528-1
100 1# - ENTRADA PRINCIPAL--NOMBRE DE PERSONA
Nombre de persona Kojeve, Alexandre.
9 (RLIN) 184036
245 10 - MENCIÓN DEL TÍTULO
Título Introduction áa la lecture de Hegel
Resto del título : leçons sur la phénoménologie de l'esprit, professées de 1933 áa 1939 áa l'ecole des hautes etudes /
Mención de responsabilidad, etc. Alexandre Kojeve ; réunies et publiées par Raumond Queneau.
260 ## - PUBLICACIÓN, DISTRIBUCIÓN, ETC.
Lugar de publicación, distribución, etc. [Paris] :
Nombre del editor, distribuidor, etc. Gallimard,
Fecha de publicación, distribución, etc. [1985]
300 ## - DESCRIPCIÓN FÍSICA
Extensión 597 p. ;
Dimensiones 19 cm.
490 1# - MENCIÓN DE SERIE
Mención de serie Tel ;
Designación de volumen o secuencia 45
600 14 - PUNTO DE ACCESO ADICIONAL DE MATERIA--NOMBRE DE PERSONA
Nombre de persona Hegel, Georg Wilhelm Friedrich-
Subdivisión general Crítica e interpretación.
9 (RLIN) 62317
650 #4 - PUNTO DE ACCESO ADICIONAL DE MATERIA--TÉRMINO DE MATERIA
Término de materia o nombre geográfico como elemento de entrada Conciencia.
9 (RLIN) 11241
650 04 - PUNTO DE ACCESO ADICIONAL DE MATERIA--TÉRMINO DE MATERIA
Término de materia o nombre geográfico como elemento de entrada Verdad.
9 (RLIN) 17765
700 1# - ENTRADA AGREGADA--NOMBRE PERSONAL
Nombre de persona Queneau, Raymond.
9 (RLIN) 94514
830 0# - PUNTO DE ACCESO ADICIONAL DE SERIE-TÍTULO UNIFORME
Título uniforme Tel ;
Designación de volumen o secuencia 45
9 (RLIN) 184073
852 ## - LOCALIZACIÓN
Ubicación ES-MaACL
Número de control de estantería L-12339
Holdings
Estatus retirado Estado de pérdida Estado de daño No para préstamo Biblioteca de origen Biblioteca actual Ubicación en estantería Fecha de adquisición Fuente de adquisición Total de préstamos Signatura topográfica completa Código de barras Visto por última vez Precio de reemplazo Tipo de ítem Koha
        Biblioteca del Ateneo de Madrid Biblioteca del Ateneo de Madrid Depósito 2 17/01/2008     L-12339 1091303 23/02/2023 23/02/2023 Libro impreso